000 00558 a2200205 4500
005 20260412105422.0
008 260410b |||||||| |||| 00| 0 eng d
020 _a9788121928595
_cRs. 799.00
040 _aMAIN
082 _a621.3
_bR137T(4)
100 _aRajput, R K
245 _aTextbook of mechatronics: For engineering students of B.Tech/B.E. courses
250 _a4th
260 _bS Chand
_c2025
_aNoida
300 _axx, 792
650 _aEngineering
650 _aMechanical Engineering
650 _aElectrical Engineering
942 _cBK
999 _c397115
_d397115